| 000 | 00606nam a2200181 a 4500 | ||
|---|---|---|---|
| 001 | 2734 | ||
| 003 | CDMR | ||
| 005 | 20131211123136.0 | ||
| 008 | 130130s1978||||||||||||||||||||||||||||d | ||
| 040 |
_aCDMR _bcat _cCDMR |
||
| 100 | 1 |
_aBerrigan, Frances J. _92055 |
|
| 245 | 1 | 0 |
_aManual sobre los medios de comunicación social en relación con la población y el desarrollo _cFrances J. Berrigan |
| 260 |
_aParis _c1978 _bUNESCO |
||
| 300 | _a113 p. | ||
| 490 | 0 | _aManuales sobre comunicación y población | |
| 650 | 0 | 4 |
_94427 _aMitjans de comunicació de massa en el desenvolupament comunitari |
| 942 |
_cMON _2udc |
||
| 999 |
_c2734 _d2734 |
||